000 00437nam a2200169 i 4500
001 60824
003 ES-MaACL
005 20230906164319.0
007 t|
008 031107s1973 sp ||||1| cat d
100 1 _aEstrade, Miguel.
_948235
245 1 0 _aEvangeli enfora /
_cMiguel Estrade.
250 _a[1ª ed.].
260 _aMontserrat :
_bAbadía,
_c[1973]
300 _a226 p. ;
_c19 cm.
852 _aES-MaACL
_jC-53013
_bR.85501
999 _c60824
_d60824